| 000 | 00649cam a22002172 4500 | ||
|---|---|---|---|
| 001 | 0000019501 | ||
| 005 | 20151217152156.0 | ||
| 008 | 101221s xx 000 0 eng d | ||
| 020 | _a1847032799 : | ||
| 040 |
_aKABU _cKABU |
||
| 100 | 1 |
_aSzyszczak, Erika. _@0000179231 |
|
| 245 | 1 | 0 |
_aUnderstanding EU law / _cErika Szyszczak, Adam Cygan. |
| 250 | _a2nd ed. | ||
| 260 |
_aLondon : _bSweet & Maxwell, _c2008. |
||
| 300 | _alxxxiii, 373 p. | ||
| 650 | 0 |
_aLaw _zEuropean Union countries. _@0000160169 |
|
| 700 | 1 |
_aCygan, Adam. _@0000179232 |
|
| 852 | 1 | _9p2730 KES | |
| 908 | _a101221 | ||
| 950 | _@1 | ||
| 999 |
_c8981 _d8981 |
||